Ecological Readings in the Veda. (Record no. 10271)

MARC details
000 -LEADER
fixed length control field 00625nam a2200253 a 4500
020 ## - INTERNATIONAL STANDARD BOOK NUMBER
ISBN 8124690
082 00 - DEWEY DECIMAL CLASSIFICATION NUMBER
Classification number 294.5921
Author Cutter VAN
100 ## - MAIN ENTRY--AUTHOR NAME
Author name Vannucci, M
245 ## - TITLE STATEMENT
Title Ecological Readings in the Veda.
260 ## - PUBLICATION, DISTRIBUTION, ETC. (IMPRINT)
Place of publication New Delhi
Name of publisher Dk Printworld
Year of publication 1993
300 ## - PHYSICAL DESCRIPTION
Number of Pages 216p.
500 ## - GENERAL NOTE
General note includes index and biblioraphy
505 2# - FORMATTED CONTENTS NOTE
Formatted contents note Index
650 ## - SUBJECT ADDED ENTRY--TOPICAL TERM
Topical Term Vedas-Hinduism
650 ## - SUBJECT ADDED ENTRY--TOPICAL TERM
Topical Term Ecology and Hinduism
942 ## - ADDED ENTRY ELEMENTS (KOHA)
Koha item type Books
700 1# -
-- Vannucci, M
Holdings
Collection code Home library Current library Date acquired Cost, normal purchase price Full call number Accession Number Koha item type
  Henry Martyn Institute Library Henry Martyn Institute Library 07/25/2007 300.00 294.5921 VAN 017349 Books
                   Copyright © 2026 | Henry Martyn Institute | Hyderabad | TS-500052 | INDIA | Implemented by hmi.edu.in
Hit-Count:

Powered by Koha